Communication in our lives

Đã lưu trong:
书目详细资料
主要作者: Wood, Julia T
格式: 图书
语言:Undetermined
出版: Belmont, CA Thomson, Wadsworth 2006
主题:
在线阅读:http://lrc.tdmu.edu.vn/opac/search/detail.asp?aID=2&ID=7327
标签: 添加标签
没有标签, 成为第一个标记此记录!
Thư viện lưu trữ: Trung tâm Học liệu Trường Đại học Thủ Dầu Một
LEADER 00558nam a2200193Ia 4500
001 TDMU_7327
008 210410s9999 xx 000 0 und d
082 |a 302.2 
090 |b W432 
100 |a Wood, Julia T 
245 0 |a Communication in our lives 
245 0 |c Julia T. Wood 
260 |a Belmont, CA 
260 |b Thomson, Wadsworth 
260 |c 2006 
300 |a xxvii, 473 p. 
650 |a Communication 
856 |u http://lrc.tdmu.edu.vn/opac/search/detail.asp?aID=2&ID=7327 
980 |a Trung tâm Học liệu Trường Đại học Thủ Dầu Một